The journal of business and organization development (Record no. 38685)

MARC details
000 -LEADER
fixed length control field 00537nam a2200169Ia 4500
022 ## - INTERNATIONAL STANDARD SERIAL NUMBER
ISSN 22770070
050 ## - CALL MARK
Classification number HD 4026 .J68/
245 #4 - TITLE STATEMENT
Title The journal of business and organization development
260 ## - PUBLICATION, DISTRIBUTION, ETC. (IMPRINT)
Place of publication Niger state, Nigeria
260 ## - PUBLICATION, DISTRIBUTION, ETC. (IMPRINT)
Name of publisher Centre for promotion of educational and scientific research
260 ## - PUBLICATION, DISTRIBUTION, ETC. (IMPRINT)
Year of publication 2015
300 ## - PHYSICAL DESCRIPTION
Number of Pages vii, 93 p. :ill. ; 28 cm.
650 ## - SUBJECT ADDED ENTRY--TOPICAL TERM
Topical Term Corporation law--United States. Corporations--United States.
942 ## - ADDED ENTRY ELEMENTS (KOHA)
Koha item type Serials

No items available.